A Study of History (Record no. 344223)
[ view plain ]
| 000 -LEADER | |
|---|---|
| fixed length control field | 00266 a2200109 4500 |
| 090 ## - LOCALLY ASSIGNED LC-TYPE CALL NUMBER (OCLC); LOCAL CALL NUMBER (RLIN) | |
| -- | 1708 |
| -- | 1708 |
| 100 ## - MAIN ENTRY--PERSONAL NAME | |
| Personal name | Arnold J. Toynbee |
| 245 ## - TITLE STATEMENT | |
| Title | A Study of History |
| 250 ## - EDITION STATEMENT | |
| Edition statement | Volumes i-vi |
| 260 ## - PUBLICATION, DISTRIBUTION, ETC. | |
| Place of publication, distribution, etc. | National Book Foundation Islamabad |
| 942 ## - ADDED ENTRY ELEMENTS (KOHA) | |
| Institution code [OBSOLETE] | NBS |
| Koha item type | Book |
| Call number prefix | 909 TOY |
| Withdrawn status | Lost status | Damaged status | Not for loan | Permanent Location | Current Location | Date acquired | Total Checkouts | Full call number | Barcode | Date last seen | Date last checked out | Price effective from | Koha item type |
|---|---|---|---|---|---|---|---|---|---|---|---|---|---|
| Central Library (CL) | Central Library (CL) | 08/28/2013 | 1 | 909 TOY | NBSD-1145 | 11/23/2017 | 08/29/2017 | 08/28/2013 | Book |
